000 00255nam a2200097Ia 4500
001 643102
005 20250826153539.0
008 250824s9999 xx 000 0 und d
245 0 _aTALİHSİZ SER 10 KAYGAN YAMAÇ SC
_cLEMONY SNICKET
260 _bDOĞAN EGMONT
999 _c643102
_d643102